[Event "4th Gideon Japhet Mem Op"]
[Site "Jerusalem ISR"]
[Date "2018.07.02"]
[Round "3.12"]
[White "Lorscheid, Gerhard"]
[Black "Baron, Tal"]
[Result "0-1"]
[WhiteTitle "FM"]
[BlackTitle "GM"]
[WhiteElo "2200"]
[BlackElo "2530"]
[WhiteFideId "4606000"]
[BlackFideId "2809958"]
[EventDate "2018.07.01"]

1. d4 Nf6 2. c4 e6 3. Nf3 d5 4. e3 Be7 5. Nbd2 O-O 6. Bd3 c5 7. dxc5 Na6 8. O-O
Nxc5 9. Be2 dxc4 10. Nxc4 Nd5 11. Bd2 b6 12. Qc2 Bb7 13. b4 Nd7 14. a3 Rc8 15.
Qb3 N5f6 16. Rac1 Ne4 17. Rfd1 Bd5 18. Qb1 Nxd2 19. Nfxd2 Bc6 20. Nb2 Rc7 21.
Bd3 Nf6 22. Nf3 Qb8 23. Nd4 Bb7 24. Nc4 Rd8 25. h3 g6 26. Nb5 Rcd7 27. Nc3 Bf8
28. Be2 Bg7 29. Rxd7 Nxd7 30. Nb5 Nf6 31. Rd1 Nd5 32. Qb3 a6 33. Nd4 Qc7 34. Bf1
h5 35. b5 a5 36. Rd2 Nf6 37. Nc6 Rxd2 38. Nxd2 Nd7 39. Qc4 Ne5 40. Nxe5 Qxe5 41.
Qd3 Bf8 42. Qd8 Qd6 43. Qxd6 Bxd6 44. a4 Bb4 45. Nc4 Bc5 46. Bd3 h4 47. Kf1 Kg7
48. Ne5 Bd6 49. Nc4 Bc7 50. f3 f5 51. Ke2 Kf6 52. Kd2 Kg5 53. Be2 e5 54. Bd3 Bd5
55. Ke1 Be6 56. Kd2 Bf7 57. Ke1 Kf6 58. Kd2 Ke6 59. Kc3 Be8 60. Bc2 Bd7 61. Bb3
Kf6 62. Kd3 Bc8 63. Ke2 Bb7 64. Nd2 Bd6 65. Nc4 Bc5 66. Bc2 Bd5 67. Nd2 Ke6 68.
Kd3 Ke7 69. Bb3 Bb7 70. Ke2 Kf6 71. Bc4 Bb4 72. Nb3 Ke7 73. Bd3 Kd6 74. e4 Ke6
75. Bc4+ Kf6 76. Kd3 Kg5 77. Nc1 Kf6 78. Ne2 Ke7 79. Bg8 Bc8 80. Kc4 Kd6 81. Bf7
g5 82. g4 hxg3 83. Nxg3 Ke7 84. Bg8 Kf8 85. Bd5 fxe4 86. Nxe4 Be7 87. Nf2 Bc5
88. Ng4 Ke7 89. Nxe5 Bxh3 90. Be4 Ke6 91. Nd3 Bf1 92. Bd5+ Kd6 93. Be4 Bg1 94.
Kc3 Be3 95. Nb2 Bf4 96. Nd3 Be5+ 97. Kc4 Bh3 98. Bd5 Bf6 99. Bf7 Bg2 100. Bh5
Bg7 101. Bg4 Bh8 102. Bh5 Ba1 103. Bg4 Bg7 104. Bh5 Bh8 105. Bg4 Bf6 106. Bh5
Bf1 107. Bg6 Be2 108. Bh5 Bh8 109. Bg4 Bg7 110. Bh5 Bf6 111. Bg4 Bh8 112. Bh5
Bf6 113. Bg4 Bd1 114. Bh5 Bxa4 115. f4 gxf4 116. Nxf4 Bd8 117. Nd3 Bc2 118. Kc3
Bb1 119. Bg6 Ba2 120. Kd4 0-1

[Event "4th Gideon Japhet Mem Op"]
[Site "Jerusalem ISR"]
[Date "2018.07.02"]
[Round "3.13"]
[White "Kobo, Ori"]
[Black "Zlatin, Alexander"]
[Result "1-0"]
[WhiteTitle "GM"]
[WhiteElo "2508"]
[BlackElo "2205"]
[WhiteFideId "2812320"]
[BlackFideId "2810549"]
[EventDate "2018.07.01"]

1. Nf3 Nf6 2. c4 e6 3. g3 d5 4. Bg2 Be7 5. O-O O-O 6. d4 dxc4 7. Qc2 b6 8. Bg5
Nd5 9. Bxe7 Qxe7 10. Ne5 b5 11. a4 c6 12. axb5 cxb5 13. Nc3 Qb7 14. b3 Nd7 15.
bxc4 bxc4 16. Rfb1 N7b6 17. Nxc4 Bd7 18. Qb3 Bc6 19. Nxd5 Bxd5 20. Nxb6 axb6 21.
Bxd5 exd5 22. Rxa8 Qxa8 23. Qxb6 h6 24. e3 Qc8 25. Qd6 Qa8 26. Kg2 Rd8 27. Qe5
Qc6 28. h4 f6 29. Qf5 Qd7 30. Qxd7 Rxd7 31. h5 Kf7 32. Kf3 g6 33. Kf4 Kg7 34. g4
Kf7 35. Rb6 Kg7 36. f3 Kf7 37. hxg6+ Kxg6 38. Rc6 Rd8 39. Rc7 Rd6 40. Re7 Rd8
41. Re6 Rd7 42. Ra6 Rd8 43. Ra7 Rd6 44. Re7 Rd8 45. Kg3 Rd6 46. Kh4 f5 47. Re5
fxg4 48. Kxg4 Kf7 49. f4 Rg6+ 50. Kf3 Rd6 51. Rh5 Kg6 52. Kg4 Rd8 53. f5+ Kg7
54. Kf4 Rd7 55. Rh3 Re7 56. Rg3+ Kf7 57. Rg6 h5 58. Rd6 Re4+ 59. Kf3 h4 60. Rxd5
h3 61. Rd7+ Kg8 62. Rb7 Rh4 63. Rb1 h2 64. Rh1 Kf7 65. Kg3 Re4 66. Rxh2 Rxe3+
67. Kf4 Re1 68. Rh7+ Kf6 69. Rh6+ Ke7 70. Rb6 Re2 71. Rg6 Re1 72. Kf3 Kf7 73.
Ra6 Ke7 74. Kf4 Re2 75. d5 Rf2+ 76. Ke4 Re2+ 77. Kd3 Rf2 78. Re6+ Kf7 79. Ke4
Re2+ 80. Kd4 Rf2 81. Ke5 Rf1 82. d6 Re1+ 83. Kd5 Rd1+ 84. Kc6 Rc1+ 85. Kd7 Rc5
86. Re7+ Kf6 87. Re6+ Kf7 88. Re4 Rc1 89. Kd8 Rd1 90. d7 Rc1 91. Rb4 Rc2 92. Rb7
Rc1 93. Rc7 Ra1 94. Rc6 1-0

[Event "4th Gideon Japhet Mem Op"]
[Site "Jerusalem ISR"]
[Date "2018.07.02"]
[Round "3.14"]
[White "Caspi, Israel"]
[Black "Shohat, Yotam"]
[Result "1-0"]
[WhiteTitle "IM"]
[WhiteElo "2479"]
[BlackElo "2189"]
[WhiteFideId "2807394"]
[BlackFideId "2813955"]
[EventDate "2018.07.01"]

1. e4 c5 2. Nf3 Nc6 3. d4 cxd4 4. Nxd4 g6 5. Nc3 Bg7 6. Be3 Nf6 7. Bc4 O-O 8.
Bb3 d6 9. f3 Bd7 10. Qd2 Nxd4 11. Bxd4 b5 12. a4 b4 13. Nd5 Nxd5 14. exd5 Bxd4
15. Qxd4 Qb6 16. Qxb6 axb6 17. Kd2 f5 18. Rhe1 Kf7 19. Kd3 Rfc8 20. Rec1 Rc5 21.
Kd4 g5 22. g3 Kf6 23. Re1 Rc7 24. Re3 Be8 25. f4 gxf4 26. gxf4 Bf7 27. Rg1 Ra5
28. Rh3 Bg6 29. Re1 Rcc5 30. Re6+ Kf7 31. Rhe3 Rc7 32. Rg3 Rcc5 33. Rg5 Ke8 34.
Re2 Kf7 35. Re3 Kf6 36. Re6+ Kf7 37. h4 Ke8 38. Re2 Kd8 39. h5 Be8 40. Rg8 Ra7
41. h6 Kd7 42. Rg7 Kd8 43. Rg8 Kd7 44. Bc4 Rxa4 45. Rg7 Kd8 46. Rexe7 b5 47. Bb3
Ra1 48. Re6 Rd1+ 49. Ke3 Re1+ 50. Kd3 Rxe6 51. dxe6 Rc7 52. Kd4 Bc6 53. Bd5 Be8
54. c3 bxc3 55. bxc3 Bg6 56. Bb3 Be8 57. Bd5 Re7 58. Rf7 Rc7 59. Rxf5 Ke7 60.
Rg5 Kf6 61. Rg8 Bg6 62. Rf8+ Ke7 63. Rb8 Rc5 64. Rb7+ Kf6 65. Rd7 b4 66. cxb4
Rb5 67. Rb7 Rxb7 68. Bxb7 Kxe6 69. Be4 1-0

[Event "4th Gideon Japhet Mem Op"]
[Site "Jerusalem ISR"]
[Date "2018.07.03"]
[Round "4.1"]
[White "Oratovsky, Michael"]
[Black "Naiditsch, Arkadij"]
[Result "0-1"]
[WhiteTitle "GM"]
[BlackTitle "GM"]
[WhiteElo "2461"]
[BlackElo "2697"]
[WhiteFideId "2802090"]
[BlackFideId "4650891"]
[EventDate "2018.07.01"]

1. e4 c5 2. Nf3 e6 3. g3 Nc6 4. Bg2 Nf6 5. d3 d5 6. Nbd2 Be7 7. O-O O-O 8. Re1
Qc7 9. c3 b5 10. exd5 Nxd5 11. a4 b4 12. c4 Nf6 13. Nb3 Bb7 14. Bf4 Qc8 15. Qe2
Rd8 16. Rad1 h6 17. Be3 Nd7 18. Nfd2 Qc7 19. Ne4 Na5 20. Nxa5 Qxa5 21. b3 Qc7
22. d4 cxd4 23. Bxd4 e5 24. Bb2 f5 25. Nd6 Bxd6 26. Bxb7 Rab8 27. Qd3 Bc5 28.
Qd5+ Kh8 29. Bc6 Bxf2+ 30. Kxf2 Nf6 31. Qc5 Rxd1 32. Bxe5 Ng4+ 33. Kf3 Rd3+ 0-1

[Event "4th Gideon Japhet Mem Op"]
[Site "Jerusalem ISR"]
[Date "2018.07.03"]
[Round "4.2"]
[White "Nabaty, Tamir"]
[Black "Birnboim, Nathan"]
[Result "1/2-1/2"]
[WhiteTitle "GM"]
[BlackTitle "IM"]
[WhiteElo "2692"]
[BlackElo "2353"]
[WhiteFideId "2809052"]
[BlackFideId "2800209"]
[EventDate "2018.07.01"]

1. d4 d5 2. Nf3 c6 3. Bf4 Bg4 4. Ne5 Bf5 5. g4 Be6 6. e3 Nd7 7. Nc3 Ngf6 8. Nxd7
Nxd7 9. Qf3 h5 10. gxh5 Nf6 11. Rg1 Rxh5 12. O-O-O g6 13. Be2 Rh7 14. Be5 Nd7
15. Bf4 Nf6 16. Bd3 Qd7 17. Qe2 Bf5 18. Na4 Bxd3 19. Rxd3 Bh6 20. Nc5 Qc8 21.
Bg3 Nd7 22. Nxd7 Qxd7 23. Kb1 Bf8 24. Rc1 e6 25. c4 dxc4 26. Rxc4 Bd6 27. e4
Bxg3 28. fxg3 O-O-O 29. Ra4 Kb8 30. Rda3 Rh5 31. Rxa7 Qxd4 32. Ra8+ Kc7 33. Rxd8
Qxd8 34. g4 Rh7 35. Rd3 Qg5 36. e5 Rh8 37. Qe1 Qxg4 38. a3 Qf5 39. Qa5+ Kb8 40.
Kc2 Rh3 41. Qd8+ Ka7 1/2-1/2

[Event "4th Gideon Japhet Mem Op"]
[Site "Jerusalem ISR"]
[Date "2018.07.03"]
[Round "4.4"]
[White "Zanan, Evgeny"]
[Black "Muzychuk, Mariya"]
[Result "1/2-1/2"]
[WhiteTitle "IM"]
[BlackTitle "GM"]
[WhiteElo "2497"]
[BlackElo "2521"]
[WhiteFideId "24101940"]
[BlackFideId "14114550"]
[EventDate "2018.07.01"]

1. d4 Nf6 2. c4 e6 3. Nc3 Bb4 4. Qc2 d5 5. a3 Bxc3+ 6. Qxc3 O-O 7. Bg5 dxc4 8.
Qxc4 b6 9. Rd1 Ba6 10. Qa4 Qd7 11. Qc2 c5 12. Bxf6 gxf6 13. dxc5 Qc6 14. Nf3 Nd7
15. Nd4 Qxc5 16. Qa4 Qa5+ 17. Qxa5 bxa5 18. e3 Bxf1 19. Rxf1 Ne5 20. Ke2 Rab8
21. b3 Ng6 22. Rb1 Rfc8 23. Rfc1 Ne7 24. Rxc8+ Rxc8 25. Rb2 e5 26. Nb5 a6 27.
Nd6 Rc1 28. g4 Kg7 29. Rd2 Kg6 30. Ne4 a4 31. bxa4 Rc4 32. f3 Rxa4 33. Rd7 Ng8
34. Rd3 Ne7 35. h4 h5 36. Rd7 Ng8 37. gxh5+ Kxh5 38. Rxf7 Kg6 39. Rf8 Kg7 40.
Rb8 Rxa3 41. Rb7+ Kf8 42. Nd6 Ra2+ 43. Kd3 Ne7 44. h5 Ra1 45. Kc2 Rh1 46. Rb8+
Kg7 47. Re8 Nd5 48. e4 Ne3+ 49. Kd3 Rd1+ 50. Kxe3 Rxd6 51. f4 exf4+ 52. Kxf4 Rd1
53. Re7+ Kh6 54. Re6 Rf1+ 55. Ke3 Kxh5 56. Rxa6 1/2-1/2

[Event "4th Gideon Japhet Mem Op"]
[Site "Jerusalem ISR"]
[Date "2018.07.03"]
[Round "4.5"]
[White "Ushenina, Anna"]
[Black "Zisman, Philip"]
[Result "1-0"]
[WhiteTitle "GM"]
[BlackTitle "FM"]
[WhiteElo "2447"]
[BlackElo "2293"]
[WhiteFideId "14110911"]
[BlackFideId "2805197"]
[EventDate "2018.07.01"]

1. d4 Nf6 2. c4 e5 3. dxe5 Ng4 4. e3 Nxe5 5. Nh3 Bb4+ 6. Bd2 Bxd2+ 7. Qxd2 d6 8.
Nf4 Nbd7 9. Nc3 Nf6 10. Be2 Be6 11. Nxe6 fxe6 12. f4 Nc6 13. Bf3 Qe7 14. O-O O-O
15. g4 Nd7 16. Qg2 Rab8 17. Rad1 Nd8 18. Be4 c6 19. Bb1 e5 20. Ne4 Nf7 21. g5
exf4 22. exf4 Qe6 23. Kh1 Kh8 24. b3 d5 25. cxd5 cxd5 26. Nc3 Nb6 27. Nxd5 Nxd5
28. Rxd5 Rbd8 29. Rxd8 Nxd8 30. f5 Qe7 31. Rg1 Nc6 32. Qh3 Qd7 33. Qh4 Re8 34.
Qc4 Ne5 35. Qf4 Nd3 36. Bxd3 Qxd3 37. Rf1 Qd5+ 38. Kg1 Qc5+ 39. Qf2 Qb4 40. f6
Qg4+ 41. Qg2 Qd4+ 42. Kh1 Rf8 43. Qxb7 gxf6 44. gxf6 Rxf6 45. Rxf6 Qxf6 46. Qb8+
Kg7 47. Qxa7+ Kg6 48. Qe3 h5 49. a4 h4 50. Kg2 Qf5 51. Qf3 Qe6 52. a5 h3+ 53.
Kg3 Qe5+ 54. Kxh3 Qxa5 55. Qe4+ Kg7 56. b4 Qb6 57. Qe5+ Kh7 58. b5 Qb7 59. Kg3
Qf7 60. Qe4+ Kh8 61. Qd4+ Kh7 62. b6 Qg6+ 63. Kf3 Qh5+ 64. Kg3 Qg6+ 65. Kh3 Qe6+
66. Kg2 Qg6+ 67. Kf2 Qc2+ 68. Ke3 Qxh2 69. Qd7+ Kg6 70. Qe6+ Kg7 71. Qg4+ Kh7
72. Qe4+ Kg7 73. Qd4+ Kg6 74. Kd3 Qa2 75. Qc5 Kf6 76. Kd4 Qd2+ 77. Kc4 Ke6 78.
Qc6+ Ke7 79. b7 Qc2+ 80. Kb5 Qd3+ 81. Kb6 Qb3+ 82. Qb5 Qe6+ 83. Qc6 Qb3+ 84. Ka7
Qa3+ 85. Kb8 Kd8 86. Qb6+ Kd7 87. Qb5+ Ke7 88. Qe5+ Kd7 89. Qd5+ Ke7 90. Kc7
Qg3+ 91. Kb6 Qg6+ 92. Ka5 Qb1 93. Qe5+ Kd7 94. b8=Q Qa2+ 95. Kb4 Qb1+ 96. Kc4
Qf1+ 97. Kd5 Qf7+ 98. Ke4 Qd5+ 99. Qxd5+ Ke7 1-0

[Event "4th Gideon Japhet Mem Op"]
[Site "Jerusalem ISR"]
[Date "2018.07.03"]
[Round "4.8"]
[White "Baron, Tal"]
[Black "Zilberman, Yaacov"]
[Result "1-0"]
[WhiteTitle "GM"]
[BlackTitle "GM"]
[WhiteElo "2530"]
[BlackElo "2374"]
[WhiteFideId "2809958"]
[BlackFideId "2801612"]
[EventDate "2018.07.01"]

1. d4 d5 2. c4 dxc4 3. e4 e5 4. Nf3 Nf6 5. Bxc4 Nxe4 6. Nxe5 Nd6 7. Bb3 Be7 8.
O-O O-O 9. Nc3 Nd7 10. Nd5 Nf6 11. Nxe7+ Qxe7 12. Re1 Qd8 13. Bg5 h6 14. Bh4 Nf5
15. Bxf6 Qxf6 16. Rc1 c6 17. Qh5 Nd6 18. Rc3 Be6 19. Rf3 Qd8 20. Bxe6 fxe6 21.
Qg6 Rf6 22. Qd3 Qa5 23. Rfe3 Re8 24. Ng4 Rf5 25. a3 Kh8 26. Qd1 Qd5 27. g3 Nc4
28. Rc3 Rff8 29. Qc1 Nd6 30. Ne5 Kg8 31. Ng6 Rf6 32. Nf4 Qa5 33. Rce3 Kf7 34.
Re5 Qb6 35. Nh5 Rf5 36. g4 Rxe5 37. dxe5 Nb5 38. Qc2 Nd4 39. Qh7 Nf3+ 40. Kh1
Rg8 41. Re3 Ng5 42. Qc2 Qd4 43. Rd3 Qxg4 44. Rd7+ Ke8 45. Rxb7 Qf3+ 46. Kg1 Qg4+
47. Ng3 Nf3+ 48. Kh1 Nxe5 49. Rxa7 Rf8 50. Ra8+ 1-0

[Event "4th Gideon Japhet Mem Op"]
[Site "Jerusalem ISR"]
[Date "2018.07.03"]
[Round "4.14"]
[White "Erenberg, Ariel"]
[Black "Gurbanov, Andrei"]
[Result "1-0"]
[WhiteTitle "IM"]
[BlackTitle "IM"]
[WhiteElo "2393"]
[BlackElo "2335"]
[WhiteFideId "2811634"]
[BlackFideId "13503391"]
[EventDate "2018.07.01"]

1. d4 Nf6 2. c4 e6 3. Nc3 Bb4 4. f3 c5 5. d5 b5 6. e4 bxc4 7. Bxc4 e5 8. Bg5 h6
9. Bh4 d6 10. Ne2 O-O 11. O-O g5 12. Bf2 Nh5 13. Be3 Nd7 14. a3 Ba5 15. Rb1 Ndf6
16. Qe1 Rb8 17. Qf2 Nf4 18. Kh1 N6h5 19. Ng3 Ng7 20. b4 cxb4 21. Bxa7 Rb7 22.
axb4 Bxb4 23. Nb5 Ba5 24. Be3 f5 25. Nxd6 Qxd6 26. Bc5 Qb8 27. Rxb7 Bxb7 28.
Bxf8 Qxf8 29. d6+ Kh7 30. Qc5 fxe4 31. Nxe4 Bxe4 32. fxe4 Bc3 33. Qc6 Qb8 34. d7
Qb2 35. Bg8+ Kxg8 36. d8=Q+ Kh7 37. Rg1 Bd4 38. Qdf6 Nfe6 39. Rf1 1-0

[Event "4th Gideon Japhet Mem Op"]
[Site "Jerusalem ISR"]
[Date "2018.07.03"]
[Round "4.15"]
[White "Lahav, Michal"]
[Black "Shvayger, Yuliya"]
[Result "1/2-1/2"]
[WhiteTitle "WFM"]
[BlackTitle "IM"]
[WhiteElo "2223"]
[BlackElo "2409"]
[WhiteFideId "2813742"]
[BlackFideId "14100126"]
[EventDate "2018.07.01"]

1. e4 e6 2. d4 d5 3. Nd2 Be7 4. e5 c5 5. c3 Nc6 6. Bd3 Qb6 7. Ndf3 Bd7 8. Ne2
Nh6 9. O-O cxd4 10. cxd4 Nf5 11. Bxf5 exf5 12. Nf4 Be6 13. Nh5 O-O 14. Qd2 Qd8
15. Re1 Bd7 16. Qf4 Kh8 17. Qg3 Rg8 18. Ng5 Bxg5 19. Bxg5 Qf8 20. Rad1 Ne7 21.
e6 Bxe6 22. Rxe6 fxe6 23. Nf4 Qf7 24. Bxe7 h6 25. Ng6+ Kh7 26. Ne5 Qh5 27. Qd3
Qe8 28. Bb4 Qa4 29. a3 Rac8 30. Bc3 Rc7 31. Re1 a5 32. Qg3 g6 33. Nd3 Re7 34.
Nf4 Qe8 35. Bxa5 g5 36. Nd3 f4 37. Qf3 Qg6 38. Bb4 Ree8 39. Ne5 Qf5 40. Qe2 Rg7
41. Qb5 Reg8 42. Qe2 g4 43. Qd3 g3 44. fxg3 fxg3 45. h3 Rg5 46. Bd2 Kg7 47. Qxf5
Rxf5 48. Ng4 h5 49. Ne5 Rf2 50. Nf3 Rf8 51. Bb4 Rf4 52. Bd6 Re4 53. Rxe4 dxe4
54. Bxg3 Rxb2 55. Ng5 e3 56. Kf1 Kf6 57. Ne4+ Kf5 58. Nd6+ Kg6 59. Nc4 Ra2 60.
Bd6 1/2-1/2

[Event "4th Gideon Japhet Mem Op"]
[Site "Jerusalem ISR"]
[Date "2018.07.04"]
[Round "5.1"]
[White "Naiditsch, Arkadij"]
[Black "Boruchovsky, Avital"]
[Result "1-0"]
[WhiteTitle "GM"]
[BlackTitle "GM"]
[WhiteElo "2697"]
[BlackElo "2558"]
[WhiteFideId "4650891"]
[BlackFideId "2800055"]
[EventDate "2018.07.01"]

1. e4 e5 2. Nf3 Nc6 3. Bb5 a6 4. Bxc6 dxc6 5. O-O f6 6. d4 exd4 7. Nxd4 c5 8.
Ne2 Qxd1 9. Rxd1 Bd7 10. Nbc3 O-O-O 11. Be3 b6 12. a4 Re8 13. Rd2 Bc6 14. Rad1
Be7 15. a5 b5 16. Nf4 b4 17. Ncd5 Bd6 18. Nb6+ Kb8 19. Rxd6 cxd6 20. Rxd6 Bb5
21. Ne6 Ne7 22. Nxc5 Rd8 23. Bf4 Ka7 24. Nbd7 Rhe8 25. h4 Ng6 26. Be3 Ka8 27.
Rd4 Bxd7 28. Nxd7 Ne5 29. Nb6+ Kb7 30. Rxb4 Nc6 31. Ra4 Rd1+ 32. Kh2 Re5 33. Nc4
Rb5 34. c3 Kc7 35. b4 Rd3 36. Nb6 Ne5 37. c4 Ng4+ 38. Kg3 Nxe3 39. cxb5 Nc4+ 40.
Kf4 axb5 41. Ra2 Nxb6 42. axb6+ Kxb6 43. Rb2 Kc6 44. Kf5 Rd4 45. h5 g6+ 46. hxg6
hxg6+ 47. Kxg6 Rxe4 48. Kxf6 Kd5 49. f3 Rd4 50. Kf5 Kc4 51. g4 Rd5+ 52. Ke6 Rd1
53. f4 Rg1 54. g5 Kc3 55. Rf2 Kxb4 56. Kf7 1-0

[Event "4th Gideon Japhet Mem Op"]
[Site "Jerusalem ISR"]
[Date "2018.07.04"]
[Round "5.2"]
[White "Birnboim, Nathan"]
[Black "Baron, Tal"]
[Result "0-1"]
[WhiteTitle "IM"]
[BlackTitle "GM"]
[WhiteElo "2353"]
[BlackElo "2530"]
[WhiteFideId "2800209"]
[BlackFideId "2809958"]
[EventDate "2018.07.01"]

1. Nf3 d5 2. d4 Nf6 3. c4 c6 4. Nbd2 Bf5 5. Nh4 Be6 6. e3 g5 7. Nhf3 g4 8. Ne5
Nbd7 9. cxd5 cxd5 10. Nb3 h5 11. Bd2 Nxe5 12. dxe5 Nd7 13. Nd4 Bg7 14. Nxe6 fxe6
15. h3 Nxe5 16. hxg4 hxg4 17. Rxh8+ Bxh8 18. Bc3 Kf7 19. Qa4 Bf6 20. Qf4 Qc7 21.
Be2 Rc8 22. Rc1 Qd6 23. Kd1 Rg8 24. Bb4 Qb8 25. Bc3 Rg5 26. Qh2 Kg7 27. Bd4 g3
28. fxg3 Nc6 29. Bxf6+ exf6 30. Bd3 Qh8 31. Qxh8+ Kxh8 32. Ke2 Rxg3 33. Kf2 Rg7
34. Rh1+ Kg8 35. Rh6 Ne5 36. Be2 Rg6 37. Rh1 Ng4+ 38. Kf3 Rg7 39. Rc1 Ne5+ 40.
Kf2 Nc6 41. Bb5 Rd7 42. b4 Rd6 43. Be2 Rd7 44. Bb5 a6 45. Bxa6 Nxb4 46. Rc8+ Kg7
47. Bb5 Rd6 48. Rc7+ Kh6 49. a3 Rb6 50. a4 Nc6 51. Kg3 Kg5 52. Bd3 f5 53. Bb5
Kf6 54. Kf4 Na7 55. Be8 Rb4+ 56. Kf3 Rb3 57. Kf2 Ke5 58. g3 Ke4 59. Re7 Rb2+ 60.
Ke1 e5 61. a5 Nc6 62. Bxc6 bxc6 63. a6 Ra2 64. a7 c5 65. Kd1 Kd3 66. Kc1 e4 67.
Re5 d4 68. Rxc5 Kxe3 69. Rc7 d3 70. Rd7 Ke2 71. Kb1 Ra6 72. Kb2 e3 0-1

[Event "4th Gideon Japhet Mem Op"]
[Site "Jerusalem ISR"]
[Date "2018.07.04"]
[Round "5.3"]
[White "Oratovsky, Michael"]
[Black "Nabaty, Tamir"]
[Result "0-1"]
[WhiteTitle "GM"]
[BlackTitle "GM"]
[WhiteElo "2461"]
[BlackElo "2692"]
[WhiteFideId "2802090"]
[BlackFideId "2809052"]
[EventDate "2018.07.01"]

1. e4 c5 2. Nf3 e6 3. g3 Nc6 4. Bg2 Nf6 5. d3 d5 6. Nbd2 Be7 7. O-O O-O 8. Re1
Qc7 9. c3 h6 10. Qe2 Rd8 11. Nf1 dxe4 12. dxe4 b6 13. N3d2 Nd7 14. f4 c4 15.
Nxc4 Ba6 16. b3 Na5 17. Nfe3 Rac8 18. e5 Nxc4 19. Nxc4 Bxc4 20. bxc4 Qxc4 21.
Qxc4 Rxc4 22. Bb2 Nc5 23. Bf1 Nd3 24. Red1 Nxb2 25. Rxd8+ Bxd8 26. Bxc4 Nxc4 27.
Rd1 Be7 28. Rd7 Bc5+ 29. Kf1 a5 30. Ke2 Ne3 31. Rd3 Nd5 32. Kf3 b5 33. Ke4 h5
34. Rf3 Kf8 35. f5 Ke7 36. fxe6 Kxe6 37. Rd3 Nb6 38. Rd8 Na4 39. Rd3 Ba3 40. Kf4
Bc1+ 41. Kf3 Kxe5 42. Rd7 Nxc3 43. Rxf7 0-1

[Event "4th Gideon Japhet Mem Op"]
[Site "Jerusalem ISR"]
[Date "2018.07.04"]
[Round "5.4"]
[White "Yuffa, Daniil"]
[Black "Ushenina, Anna"]
[Result "1-0"]
[WhiteTitle "GM"]
[BlackTitle "GM"]
[WhiteElo "2577"]
[BlackElo "2447"]
[WhiteFideId "24131423"]
[BlackFideId "14110911"]
[EventDate "2018.07.01"]

1. d4 d5 2. c4 e6 3. Nf3 Nf6 4. g3 dxc4 5. Bg2 Nc6 6. O-O Rb8 7. Nc3 a6 8. e4
Be7 9. Qe2 b5 10. d5 Nb4 11. Ne5 Bb7 12. dxe6 fxe6 13. Rd1 Bd6 14. a3 Nd3 15.
Nxd3 cxd3 16. Rxd3 e5 17. b4 O-O 18. Bb2 Qe8 19. Nd1 Qg6 20. f3 Bc8 21. Ne3 h5
22. Kh1 Kh8 23. Bc3 Nh7 24. Rg1 Ng5 25. Nf5 Bxf5 26. exf5 Qxf5 27. f4 Nh3 28.
Rf1 Rbe8 29. fxe5 Nf2+ 30. Rxf2 Qxf2 31. Qxh5+ Kg8 32. Bd5+ Rf7 33. Qxf7+ Qxf7
34. Bxf7+ Kxf7 35. exd6 1-0

[Event "4th Gideon Japhet Mem Op"]
[Site "Jerusalem ISR"]
[Date "2018.07.04"]
[Round "5.10"]
[White "Gorodetzky, David"]
[Black "Gluhovsky, Mark"]
[Result "0-1"]
[WhiteTitle "IM"]
[WhiteElo "2460"]
[BlackElo "2308"]
[WhiteFideId "2813416"]
[BlackFideId "24165514"]
[EventDate "2018.07.01"]

1. Nf3 d6 2. d4 Nf6 3. g3 g6 4. Bg2 Bg7 5. O-O O-O 6. c4 c6 7. Nc3 Nbd7 8. b3
Rb8 9. a4 a6 10. a5 c5 11. e3 b5 12. axb6 Qxb6 13. Rb1 Bb7 14. d5 e5 15. e4 Ne8
16. Bg5 f6 17. Bd2 Bc8 18. Qc2 Qd8 19. Ne1 f5 20. Nd3 f4 21. b4 cxb4 22. Nxb4
Qf6 23. Nd3 Rxb1 24. Rxb1 h5 25. Rc1 Bh6 26. Bh3 Nc5 27. Bxc8 Nxd3 28. Be6+ Kh7
29. Rf1 Nc5 30. Bh3 Ng7 31. Na4 Nxa4 32. Qxa4 h4 33. Qxa6 hxg3 34. fxg3 Rh8 35.
Qa3 Qd8 36. c5 dxc5 37. Rc1 fxg3 38. Bxh6 gxh2+ 39. Kxh2 Kxh6 40. Qe3+ Kh7 41.
Qxc5 Qg5 42. Qc3 Nh5 43. Rf1 Ra8 44. Rf2 Kh6 45. d6 Ra1 46. Qd2 Nf4 47. Bf1 Qh5+
48. Kg1 Rd1 49. Qe3 Qg4+ 50. Kh2 Rxf1 0-1

[Event "4th Gideon Japhet Mem Op"]
[Site "Jerusalem ISR"]
[Date "2018.07.04"]
[Round "5.12"]
[White "Kudischewitsch, David"]
[Black "Caspi, Israel"]
[Result "1/2-1/2"]
[WhiteTitle "IM"]
[BlackTitle "IM"]
[WhiteElo "2356"]
[BlackElo "2479"]
[WhiteFideId "4111893"]
[BlackFideId "2807394"]
[EventDate "2018.07.01"]

1. e4 e5 2. d4 exd4 3. Qxd4 Nc6 4. Qc4 Nf6 5. Nc3 Bb4 6. Bd2 O-O 7. O-O-O d6 8.
f3 Be6 9. Qb5 a6 10. Qg5 Re8 11. Nge2 Ne5 12. Nd4 c6 13. a3 Ba5 14. Be2 b5 15.
Nf5 Bxf5 16. Qxf5 b4 17. axb4 Bxb4 18. Na4 Qa5 19. b3 Rab8 20. Be1 d5 21. g4
dxe4 22. f4 Ba3+ 23. Nb2 Nd3+ 24. Bxd3 Qxf5 25. gxf5 exd3 26. Rxd3 Rb5 27. Kb1
Rxf5 28. Nc4 Bf8 29. Nd6 Bxd6 30. Rxd6 Rc8 31. Rd4 Nd5 32. Bd2 c5 33. Re4 h6 34.
c4 Nf6 35. Re5 Rxe5 36. fxe5 Ne4 37. Ba5 Kf8 38. Kc2 Ke7 39. Rg1 g6 40. Rg4 Ng5
41. Bd2 Ke6 42. Rf4 Ke7 43. Rf1 Ne6 44. Be3 h5 45. Kc3 Rc6 46. h4 Nf8 47. Bg5+
Ke8 48. Rd1 Nd7 49. Rd5 Re6 50. Bf4 Kd8 51. Rd1 Kc7 52. Rf1 Kc6 53. Bg3 f6 54.
Bf4 fxe5 55. Bg5 e4 56. Re1 Nb6 57. Ra1 Kb7 58. Be3 Nd7 59. b4 cxb4+ 60. Kxb4
Ne5 61. Kc5 Rc6+ 62. Kd5 Nxc4 63. Rb1+ Nb6+ 64. Kxe4 Re6+ 65. Kf4 a5 66. Bd4 Ka6 1/2-1/2

[Event "4th Gideon Japhet Mem Op"]
[Site "Jerusalem ISR"]
[Date "2018.07.04"]
[Round "5.14"]
[White "Melia, Salome"]
[Black "Lahav, Michal"]
[Result "1-0"]
[WhiteTitle "IM"]
[BlackTitle "WFM"]
[WhiteElo "2392"]
[BlackElo "2223"]
[WhiteFideId "13602446"]
[BlackFideId "2813742"]
[EventDate "2018.07.01"]

1. e4 e6 2. d4 d5 3. Nd2 Be7 4. Ngf3 Nf6 5. e5 Nfd7 6. Bd3 c5 7. c3 Nc6 8. O-O
a5 9. a4 cxd4 10. cxd4 Nb6 11. Nb1 Nb4 12. Be2 Bd7 13. Nc3 Rc8 14. Nb5 Nc2 15.
Ra2 Nb4 16. Ra3 Nc4 17. Ra1 O-O 18. b3 Nb6 19. Bd2 Be8 20. Rc1 Rc6 21. Na7 Rc7
22. Rxc7 Qxc7 23. Qc1 Qb8 24. Nb5 Bc6 25. h4 Rc8 26. Qb1 Nd7 27. h5 h6 28. Rc1
Nf8 29. Nh2 Nh7 30. f4 Bd7 31. Nf3 Rc6 32. Nc3 Rc8 33. g4 Nf8 34. Kh1 Rc7 35. g5
hxg5 36. fxg5 Qc8 37. Nh2 Kh8 38. Nf3 Kg8 39. Nb5 Rxc1+ 40. Qxc1 Qxc1+ 41. Bxc1
Nc2 42. Nd6 b6 43. Bf4 Bc6 44. Kg1 Bd7 45. Kf2 Bc6 1-0

[Event "4th Gideon Japhet Mem Op"]
[Site "Jerusalem ISR"]
[Date "2018.07.04"]
[Round "5.18"]
[White "Agrest, Inna"]
[Black "Rozen, Eytan"]
[Result "1-0"]
[WhiteTitle "WIM"]
[WhiteElo "2303"]
[BlackElo "2044"]
[WhiteFideId "1708830"]
[BlackFideId "2816750"]
[EventDate "2018.07.01"]

1. e4 c6 2. d4 d5 3. f3 Qb6 4. Nc3 dxe4 5. Bc4 e5 6. Qe2 Nd7 7. Nxe4 Be7 8. f4
f5 9. Ng5 Bxg5 10. fxg5 Qxd4 11. Nf3 Qe4 12. Qxe4 fxe4 13. Nd2 Nb6 14. Bb3 Bf5
15. O-O Ne7 16. Re1 O-O-O 17. Nf1 Bg6 18. Ng3 Kc7 19. c3 Ned5 20. Nxe4 Kb8 21.
a4 Rhe8 22. a5 Nd7 23. Bc4 Nf8 24. Ng3 e4 25. h4 Nd7 26. h5 Bf7 27. Nf5 Ne5 28.
Bxd5 cxd5 29. Nxg7 Re7 30. Bf4 Ka8 31. Rad1 Bg8 32. Rxe4 Rxg7 33. Rxe5 Rgd7 34.
Rd4 Bf7 35. g4 a6 36. Be3 Rc8 37. Rf4 Bg8 38. Bb6 Kb8 39. Ref5 Re7 40. Kf2 Rce8
41. Rf8 Kc8 42. Rxe8+ Rxe8 43. Rf6 Kd7 44. g6 Ke7 45. g5 hxg6 46. Bc5+ Kd8 47.
Rxg6 Bf7 48. Rd6+ Kc7 49. g6 Bg8 50. h6 Re4 51. Rf6 Rh4 52. Rf8 Kc6 53. Rxg8
Rxh6 54. Bd4 Rh2+ 55. Kg3 Rxb2 56. g7 1-0